| 000 | 00368nam a2200133Ia 4500 | ||
|---|---|---|---|
| 005 | 20251222141901.0 | ||
| 008 | 251222s9999||||xx |||||||||||||| ||spa|| | ||
| 020 | _a978-612-4038-78-5 | ||
| 082 | _a344.01/O74 | ||
| 100 | _aOrtiz Yturria, Oneida | ||
| 245 | 0 | _aCómo Afrontar una Visita Inspectiva del Ministerio de Trabajo; | |
| 264 | _bGaceta Jurídica | ||
| 942 | _cLIB | ||
| 999 |
_c8064 _d8064 |
||